00460 2200181 4500001002100000005001500021008004100036020002200077035001900099041000700118082000800125090001400133100002100147245004700168250000600215260003400221300002300255INLIS00000000002068220241224130903241224||||||||| | ||| |||| || |  a978-979-29-1391-0 0010-1224020682 aid0 a630 a630 NUR k0 aNURHETI YULIARTI00aKULTUR JARINGAN TANAMAN SKALA RUMAH TANGGA a1 aYogyakartabAndi Offsetc2010 a70 hlm.;14 x 21 cm